000 00523nam a2200145Ia 4500
008 100122s9999 xx 000 0 und d
082 _b32419
_a49
100 _aटिळक ज श्री
245 _aअशी ही दिल्ली (भाग दुसरा)
260 _bकेसरी प्रकाशन
_c1982
300 _a503
630 _aअशी ही दिल्ली (भाग दुसरा)
730 _aअशी ही दिल्ली (भाग दुसरा)
942 _cBOOK
999 _c416785
_d416782